| 000 | 00000nam 2200000za 4500 |
| 001 | 9.661261 |
| 003 | CaOODSP |
| 005 | 20200427132950 |
| 007 | ta |
| 008 | 150407|1999||||xxc||||| f|0| 0 eng d |
| 020 | |a0-662-64014-4 |
| 040 | |aCaOODSP|beng |
| 041 | |aeng |
| 041 | |afre |
| 043 | |an-cn--- |
| 086 | 1 |aSE31-28/1998 |
| 245 | 00|aServing democracy : |ba strategic plan, 1999-2002. |
| 260 | |aOttawa : |bElections Canada, |c1999. |
| 300 | |a16 p. : |bill. ; |c28 cm. |
| 546 | |aBilingual |
| 563 | |aSoftcover |
| 590 | |a99-33|b1999-08-20 |
| 690 | 07|aElections|2gcpds |
| 710 | 2 |aElections Canada. |
| 776 | 0#|tAu service de la démocratie |w(CaOODSP)9.642075 |
| 776 | 0#|tServing democracy |w(CaOODSP)9.698079 |
| 792 | |tAu service de la démocratie : |efre|w(CaOODSP)9.661262 |